Statistics for Државе света које нису признале Косово

Click here to take the quiz!

General Stats

  • This quiz has been taken 306 times
  • The average score is 53 of 97

Answer Stats

КонтинентДржава% Correct
Јужна АмерикаБразил
93%
АзијаКина
93%
ЕвропаРусија
91%
Јужна АмерикаАргентина
89%
Јужна АмерикаУругвај
85%
Јужна АмерикаЧиле
84%
Јужна АмерикаПарагвај
80%
ЕвропаШпанија
79%
Јужна АмерикаВенецуела
78%
ЕвропаГрчка
77%
Јужна АмерикаЕквадор
77%
Јужна АмерикаБоливија
76%
АзијаИндија
75%
ЕвропаБосна и Херцеговина
74%
Јужна АмерикаСуринам
71%
ЕвропаРумунија
71%
ЕвропаБелорусија
68%
АзијаСеверна Кореја
68%
АзијаИран
67%
АзијаИрак
66%
ЕвропаУкрајина
66%
АзијаТуркменистан
65%
АфрикаАлжир
65%
АзијаКазахстан
65%
АзијаЈерменија
63%
АзијаТаџикистан
63%
ЕвропаСловачка
63%
Северна АмерикаКуба
62%
АзијаИндонезија
62%
АзијаКиргистан
61%
АзијаМонголија
61%
АзијаГрузија
61%
Северна АмерикаМексико
61%
АфрикаМароко
61%
АзијаУзбекистан
59%
AзијаАзербејџан
59%
АфрикаД.Р. Конго
58%
АфрикаСудан
58%
АфрикаТунис
57%
АзијаНепал
57%
ЕвропаСрбија
57%
АзијаСирија
57%
АзијаКипар
56%
АфрикаРепублика Конго
56%
ЕвропаМолдавија
54%
АзијаЛаос
54%
АзијаВијетнам
54%
АфрикаНигерија
54%
АзијаБутан
53%
АзијаЛибан
52%
АфрикаЕтиопија
52%
АфрикаАнгола
51%
АфрикаМадагаскар
51%
АфрикаМали
50%
АфрикаГана
50%
АфрикаЈужноафричка Република
50%
АзијаФилипини
49%
АзијаШри Ланка
49%
АфрикаЈужни Судан
49%
АзијаКамбоџа
49%
Северна АмерикаНикарагва
46%
АфрикаТого
46%
Северна АмерикаДоминика
46%
Европа*Ватикан
45%
АфрикаЛесото
45%
АфрикаЗамбија
45%
АфрикаКенија
44%
AфрикаБоцвана
44%
Северна АмерикаЈамајка
44%
АфрикаЦентралноафричка Република
44%
АфрикаКамерун
43%
АфрикаЗимбабве
43%
АфрикаУганда
43%
Северна АмерикаГватемала
42%
АфрикаЕритреја
42%
ОкеанијаНауру
41%
АфрикаСејшели
41%
АфрикаНамибија
41%
АфрикаМаурицијус
41%
ОкеанијаПалау
40%
АфрикаМозамбик
40%
АфрикаЛиберија
40%
Северна АмерикаБахами
39%
АфрикаРуанда
39%
Северна АмерикаТринидад и Тобаго
37%
АфрикаКомори
37%
АзијаМјанмар
37%
АфрикаБурунди
36%
ОкеанијаСоломонска Острва
34%
АфрикаСао Томе и Принципе
34%
Северна АмерикаГренада
34%
АфрикаЕкваторијална Гвинеја
33%
АфрикаСијера Леоне
32%
ОкеанијаПапуа Нова Гвинеја
31%
АфрикаЗеленортска Острва
30%
Азија*Палестина
29%
Северна АмерикаСвети Винсент и Гренадини
23%

Score Distribution

Percentile by Number Answered

Percent of People with Each Score

Your Score History

You have not taken this quiz